[Event "FRA-ch qual"]
[Site "Bescanon"]
[Date "1999.08.18"]
[Round "1"]
[White "Paci, Cedric"]
[Black "Girard, Eric"]
[Result "1/2-1/2"]
[WhiteElo "2141"]
[BlackElo "2266"]

1.Nf3 Nf6 2.c4 c5 3.Nc3 d5 4.cxd5 Nxd5 5.e4 Nxc3 6.dxc3 Qxd1+ 7.Kxd1 Nc6
8.Be3 b6 9.Kc2 g6 10.Rd1 Bg7 11.Bb5 Bd7 12.Kb1 Ne5 13.Bxd7+ Nxd7 14.Bf4 h6
15.Rd2 O-O-O 16.h4 Rhe8 17.Rhd1 Nf8 18.Ne5 Bxe5 19.Bxe5 h5 20.Kc2 Rxd2+ 21.Rxd2 Rd8
22.Rxd8+ Kxd8 23.a4 a6 24.Kd3 Kd7 25.Kc4 Kc6 26.b3  1/2-1/2

[Event "Polanica Zdroj op"]
[Site "Polanica Zdroj"]
[Date "1999.08.19"]
[Round "3"]
[White "Eljanov, Pavel"]
[Black "Gritsak, Orest"]
[Result "1/2-1/2"]
[WhiteElo "2447"]
[BlackElo "2550"]

1.Nf3 c5 2.c4 Nf6 3.Nc3 e6 4.g3 b6 5.Bg2 Bb7 6.O-O a6 7.b3 d6 8.Bb2 Be7 9.d4 cxd4
10.Nxd4 Qc7 11.e3 O-O 12.f4 Nc6 13.Qf3 Rac8 14.Rac1 Qb8 15.Rfd1 Rfd8 16.Nc2 Na5
17.Qe2 Bxg2 18.Kxg2 Qb7+ 19.Qf3 d5 20.cxd5 Nxd5 21.Nxd5 Rxd5 22.Rxd5 Qxd5
23.Qxd5 exd5 24.Kf3 f5 25.Nd4 Rxc1 26.Bxc1 g6 27.Bd2 Nb7 28.Nc6 Bd6 29.Bb4 Nc5
30.Bc3 Nd3 31.a4 Nc5 32.Nb4 Nxb3 33.Nxd5 b5 34.axb5 axb5 35.e4 fxe4+ 36.Kxe4 Nc5+
37.Ke3 Kf7 38.Bb4 Ke6 39.Nc3 Nb7 40.Bxd6 Nxd6 41.Kd4 b4 42.Nd1 h5 43.Kc5 b3
44.Kd4 Kf6 45.Kd5 Ke7 46.Nb2 Nf5 47.Kc4 Ne3+ 48.Kxb3 Nf1 49.Nc4 Kf6 50.Kc3 Nxh2
51.Ne3  1/2-1/2

[Event "FRA-ch qual"]
[Site "Bescanon"]
[Date "1999.08.20"]
[Round "3"]
[White "Stroppa, Daniel"]
[Black "Peter, Sebastien"]
[Result "0-1"]
[WhiteElo "2158"]
[BlackElo "2234"]

1.c4 Nf6 2.Nc3 e6 3.Nf3 c5 4.e4 Nc6 5.d4 cxd4 6.Nxd4 Bb4 7.Nxc6 bxc6 8.Bd3 e5
9.O-O O-O 10.a3 Be7 11.Qe2 d6 12.c5 Be6 13.cxd6 Qxd6 14.Bc4 Rfd8 15.Bxe6 Qxe6
16.Bg5 Qb3 17.Bxf6 Bxf6 18.Rfd1 Rd4 19.Rd2 Bg5 20.Rc2 Rad8 21.Rd1 Qxc3  0-1

[Event "Polanica Zdroj op"]
[Site "Polanica Zdroj"]
[Date "1999.08.23"]
[Round "7"]
[White "Filippov, Valerij"]
[Black "Simantsev, Mikhail"]
[Result "1-0"]
[WhiteElo "2605"]
[BlackElo "2409"]

1.Nf3 c5 2.c4 Nf6 3.Nc3 e6 4.g3 b6 5.Bg2 Bb7 6.O-O Be7 7.Re1 Ne4 8.d4 Nxc3
9.bxc3 d6 10.d5 e5 11.e4 O-O 12.h4 Nd7 13.Bh3 Bc8 14.Nh2 Kh8 15.a4 a5 16.Kg2 Qc7
17.Nf1 Ba6 18.Ne3 Rae8 19.Rb1 Bd8 20.Rh1 Nf6 21.Qd3 g6 22.Nf1 Kg7 23.h5 Nxh5
24.Bg4 Bc8 25.Bxh5 gxh5 26.Rxh5 f5 27.Bh6+ Kg6 28.Rh1 Rg8 29.Qf3 Qf7 30.Ne3 fxe4
31.Qxe4+ Bf5 32.Nxf5 Qxf5 33.Qxf5+ Kxf5 34.Be3 Re7 35.Rh5+ Ke4 36.Rd1 Reg7
37.Bc1  1-0

[Event "EU-ch U18 Girls"]
[Site "Litohoto"]
[Date "1999.09.03"]
[Round "1"]
[White "Reizniece, Dana"]
[Black "Timko, Melinda"]
[Result "1-0"]
[WhiteElo "2294"]
[BlackElo "2034"]

1.c4 c5 2.Nf3 Nf6 3.Nc3 g6 4.g3 Bg7 5.Bg2 Nc6 6.O-O O-O 7.d4 cxd4 8.Nxd4 Ng4
9.e3 d6 10.b3 Nxd4 11.exd4 Nh6 12.Bb2 Nf5 13.d5 Rb8 14.Rb1 a6 15.a4 Qa5 16.Qd3 Qb4
17.Na2 Qa5 18.Bxg7 Kxg7 19.Nc3 Qb4 20.Rfe1 Re8 21.Re2 b6 22.Rbe1 Rb7 23.Ne4 e5
24.dxe6 Rxe6 25.g4 Ne7 26.Qd4+ f6 27.Nxf6 Qxe1+ 28.Rxe1 Rxe1+ 29.Bf1 Kf7
30.Nxh7 Re6 31.Ng5+  1-0

[Event "EU-ch U14"]
[Site "Litohoto"]
[Date "1999.09.08"]
[Round "6"]
[White "Jeremic, Veljko"]
[Black "Fargere, Francois"]
[Result "1/2-1/2"]
[WhiteElo "2240"]
[BlackElo "2106"]

1.c4 c5 2.Nf3 Nf6 3.Nc3 e6 4.g3 b6 5.Bg2 Bb7 6.O-O Be7 7.Re1 O-O 8.e4 d6
9.d4 cxd4 10.Nxd4 a6 11.Be3 Qc7 12.Rc1 Nbd7 13.f4 Rac8 14.b3 Qb8 15.Bf2 Rfd8
16.Qe2 Qa8 17.h3 Bf8 18.g4 e5 19.fxe5 Nxe5 20.Qd2 Nfd7 21.Nf5 Nc5 22.Bxc5 dxc5
23.Nd5 Bxd5 24.exd5 Qb8 25.Qc3 Re8 26.d6 Bxd6 27.Bd5 Bf8 28.Re3 g6 29.Rce1 gxf5
30.Rxe5 Bg7 31.Rxe8+ Rxe8 32.Rxe8+ Qxe8 33.Qd2 fxg4 34.hxg4 Bd4+ 35.Kg2 Qe5
36.Qd3 Qf4 37.Qf3 Qxf3+ 38.Kxf3 Kg7 39.a4 a5 40.Be4 h6 41.Bd5 Kg6 42.Ke4 Kg5
43.Kf3 f5 44.gxf5 Kxf5 45.Bc6 h5 46.Kg3 Kg5 47.Kh3 h4 48.Bb5 Bf6 49.Bc6 Kf4  1/2-1/2

[Event "CRO-chT"]
[Site "Pula"]
[Date "1999.09.12"]
[Round "4"]
[White "Petrov, Jole"]
[Black "Shariyazdanov, Andrey"]
[Result "1/2-1/2"]
[WhiteElo "2419"]
[BlackElo "2588"]

1.Nf3 c5 2.c4 Nf6 3.Nc3 e6 4.g3 b6 5.Bg2 Bb7 6.O-O Be7 7.d4 cxd4 8.Qxd4 d6
9.Rd1 a6 10.Bg5 Nbd7 11.Nd2 Bxg2  1/2-1/2

[Event "Budapest FS09 IM-B"]
[Site "Budapest"]
[Date "1999.09.16"]
[Round "13"]
[White "Krutti, Valer"]
[Black "De Sousa, Jose"]
[Result "1/2-1/2"]
[WhiteElo "2357"]
[BlackElo "2253"]

1.c4 Nf6 2.Nc3 c5 3.Nf3 e6 4.g3 b6 5.e4 Bb7 6.d3 d6 7.Bg2 Be7 8.O-O a6 9.Re1 O-O
10.d4 cxd4 11.Nxd4 Qc7 12.Be3 Re8 13.Rc1 Nbd7 14.b3 Rac8 15.f4 Bf8 16.Bf2 Qb8
17.h3 Qa8 18.g4 Nc5 19.Qf3 e5 20.Nf5 exf4 21.Bxc5 bxc5 22.Qxf4 Re6 23.Nd5 Bxd5
24.cxd5 Re5 25.Ne3 Qb8 26.Nc4 Ree8 27.Rf1 Qc7 28.Rc2 Qe7 29.Rcf2 Rc7 30.g5 Nh5
31.Qg4 g6 32.e5 Qd8 33.e6 Ree7 34.h4 Bg7 35.exf7+ Rxf7 36.Rxf7 Rxf7 37.Rxf7 Kxf7
38.Qe6+ Kf8 39.Nxd6 Bd4+ 40.Kh1 Qe7 41.Qc8+ Kg7 42.Ne4 Qe5 43.Qd7+ Kf8 44.d6 Qf4
45.Qe7+ Kg8 46.Qe6+ Kf8 47.Qh3 Ke8 48.Nf6+ Nxf6 49.Qe6+ Kf8 50.Qe7+ Kg8 51.Qd8+ Kf7  1/2-1/2

[Event "CRO-chT"]
[Site "Pula"]
[Date "1999.09.17"]
[Round "8"]
[White "Kristovic, Marijan"]
[Black "Majeric, Zoran"]
[Result "1-0"]
[WhiteElo "2315"]
[BlackElo "2333"]

1.Nf3 c5 2.c4 Nf6 3.Nc3 e6 4.e3 b6 5.d4 cxd4 6.exd4 Bb7 7.a3 d6 8.Bd3 Nbd7
9.O-O Be7 10.Re1 O-O 11.Bf4 a6 12.Rc1 Re8 13.Ng5 Nf8 14.Nge4 Nxe4 15.Nxe4 f5
16.Nc3 Bf6 17.Be3 g6 18.Na4 Bc6 19.b4 b5 20.d5 exd5 21.cxb5 Bxb5 22.Bxb5 axb5
23.Qxd5+ Kh8 24.Qxb5 Qd7 25.Qxd7 Nxd7 26.Nb6 Nxb6 27.Bxb6 Rxe1+ 28.Rxe1 Rxa3
29.Rb1 d5 30.b5 Kg7 31.g3 Kf7 32.Bc5 Rc3 33.Bd6 d4 34.b6 d3 35.Bf4 Bd4 36.b7 Ba7
37.Ra1 Bb8 38.Bxb8 Rb3 39.Bf4 Rxb7  1-0

[Event "Wch U20"]
[Site "Yerevan"]
[Date "1999.09.24"]
[Round "7"]
[White "Janssen, Ruud"]
[Black "Bakhtadze, Giorgi"]
[Result "0-1"]
[WhiteElo "2448"]
[BlackElo "2403"]

1.Nf3 c5 2.c4 Nf6 3.Nc3 b6 4.g3 Bb7 5.Bg2 e6 6.O-O a6 7.Re1 d6 8.e4 Nbd7
9.d4 cxd4 10.Nxd4 Qc7 11.Be3 Be7 12.Rc1 O-O 13.b3 Rad8 14.Nd5 exd5 15.cxd5 Qb8
16.Nc6 Bxc6 17.dxc6 Nc5 18.b4 Ne6 19.Qd3 Ng4 20.Qxa6 Nxe3 21.Rxe3 Bf6 22.a4 Qc7
23.Qb7 Ra8 24.Rd3 Rfd8 25.f4 Rxa4 26.Rcd1 Ra7 27.Qxc7 Rxc7 28.Rxd6 Rxd6 29.Rxd6 Be7
30.e5 g6 31.b5 Kf8 32.Bh3 Nd4 33.Bf1 Nf5 34.Rd5 Bc5+ 35.Rxc5 bxc5 36.Kf2 Ke7
37.Kf3 Kd8 38.g4 Ne7 39.Bd3 Rc8 40.f5 gxf5 41.gxf5 Kc7  0-1

[Event "Berlin blindfold sim"]
[Site "Berlin"]
[Date "1999.09.25"]
[Round "1"]
[White "Huebner, Robert"]
[Black "Mattick, Lutz"]
[Result "1/2-1/2"]
[WhiteElo "2599"]
[BlackElo "2280"]

1.c4 c5 2.Nf3 Nf6 3.Nc3 e6 4.e3 b6 5.d4 cxd4 6.exd4 Bb7 7.Bd3 Be7 8.O-O d5
9.cxd5 Nxd5 10.Re1 Nc6 11.a3 O-O 12.Bc2 Rc8 13.Qd3 g6 14.Bh6 Re8 15.Ba4 Nxc3
16.bxc3 Qd5 17.c4 Qh5 18.Bd2 Bf6 19.Bc3 Red8 20.d5 Bxc3 21.Qxc3 exd5 22.cxd5 Ne7
23.Qb2 Nxd5 24.Bb3 Qf5 25.Re5 Qf6 26.Rae1 Kg7 27.Qa1 Nc3 28.Re7 Bd5 29.Bxd5 Nxd5
30.Rxa7 Qxa1 31.Rxa1 Rc7 32.Rxc7 Nxc7 33.Kf1 Ne6 34.g3 Kf6 35.Rb1 Rd3 36.Ke2  1/2-1/2

[Event "SLO-ch"]
[Site "Kranj"]
[Date "1999.10.02"]
[Round "1"]
[White "Raspor, Gregor"]
[Black "Podlesnik, Bogdan"]
[Result "0-1"]
[WhiteElo "2225"]
[BlackElo "2403"]

1.Nf3 c5 2.c4 Nf6 3.Nc3 e6 4.g3 d5 5.cxd5 Nxd5 6.Bg2 Nc6 7.O-O Be7 8.d4 O-O
9.Nxd5 exd5 10.dxc5 Bxc5 11.Bg5 Qd7 12.Rc1 Bb6 13.Bd2 d4 14.b4 a6 15.a4 Qe7
16.b5 axb5 17.axb5 Na7 18.Qb3 Re8 19.Qb2 Qd7 20.Bf4 f6 21.Rfd1 Qxb5 22.Qa1 d3
23.exd3 Bg4 24.Rb1 Qh5 25.Rxb6 Nc6 26.Qb2 Bxf3 27.Bxf3 Qxf3 28.Qb3+ Kh8 29.Be3 Rxe3
30.fxe3 Qxe3+ 31.Kg2 Qe2+ 32.Kg1 Nd4  0-1

[Event "Budapest FS10 IM"]
[Site "Budapest"]
[Date "1999.10.05"]
[Round "4"]
[White "Szeberenyi, Adam"]
[Black "Jakab, Attila"]
[Result "0-1"]
[WhiteElo "2357"]
[BlackElo "2328"]

1.Nf3 Nf6 2.c4 c5 3.Nc3 g6 4.g3 b6 5.Bg2 Bb7 6.O-O Bg7 7.d4 cxd4 8.Nxd4 Bxg2
9.Kxg2 O-O 10.e4 Qc7 11.Qd3 Na6 12.Rd1 Ng4 13.b3 Qc5 14.Bb2 f5 15.exf5 gxf5
16.Na4 Qd6 17.Qf3 Qg6 18.Qd5+ Kh8 19.Qxd7 f4 20.Ne6 Qe4+ 21.Kg1 Bxb2 22.Nxf8 fxg3
23.hxg3 Bxa1 24.Ne6 Rg8 25.Rxa1 Nb4 26.Qd4+ Qxd4 27.Nxd4 e5 28.Ne6 Rg6 29.Nc7 Nd3
30.f3 Ne3 31.g4 e4 32.fxe4 Rxg4+ 33.Kh2 Rg2+ 34.Kh3 Nf4+  0-1

[Event "World Cities-ch 2nd"]
[Site "Shenyang"]
[Date "1999.10.08"]
[Round "9"]
[White "Pigusov, Evgeny"]
[Black "Kang Chuanqi"]
[Result "1-0"]
[WhiteElo "2609"]
[BlackElo "2311"]

1.Nf3 c5 2.c4 Nf6 3.Nc3 e6 4.g3 b6 5.Bg2 Bb7 6.O-O Be7 7.b3 O-O 8.Bb2 d6
9.e3 Ne4 10.Qc2 Nxc3 11.Bxc3 Qc7 12.Qb2 f6 13.d4 Nd7 14.Rfe1 Be4 15.Rad1 Rad8
16.Nh4 Bxg2 17.Nxg2 Rf7 18.Nf4 Nf8 19.d5 e5 20.Ne6 Nxe6 21.dxe6 Rff8 22.f4 Qc8
23.f5 g5 24.Qe2 Qc6 25.e4 Kg7 26.h4 h6 27.Kf2 Rh8 28.Rh1 Rdg8 29.Rh2 a6 30.Rdh1 Qe8
31.Ke3 Bd8 32.g4 b5 33.a3 Bb6 34.Kf3 Qc6 35.Rh3 Ba7 36.hxg5 hxg5 37.Qh2 b4
38.Rh6  1-0

[Event "Seeburg op 1st"]
[Site "Lucern"]
[Date "1999.10.10"]
[Round "5"]
[White "Froehlich, Peter"]
[Black "Sedina, Elena"]
[Result "1/2-1/2"]
[WhiteElo "2314"]
[BlackElo "2398"]

1.Nf3 Nf6 2.c4 g6 3.Nc3 c5 4.d4 cxd4 5.Nxd4 Bg7 6.e4 Nc6 7.Be3 Ng4 8.Qxg4 Nxd4
9.Qd1 Ne6 10.Rc1 Qa5 11.Bd3 Nc5 12.O-O Nxd3 13.Qxd3 d6 14.c5 dxc5 15.Nd5 O-O
16.Nxe7+ Kh8 17.Rxc5 Qxa2 18.Bd4 f6 19.Qc3 Bd7 20.e5 Qf7 21.exf6 Bxf6 22.Nd5 Bxd4
23.Qxd4+ Qg7 24.Qxg7+ Kxg7 25.Rc7 Rf7 26.Rxb7 Be6 27.Rxf7+ Bxf7 28.Nc3 Rb8
29.Rb1 a5 30.f3 g5 31.Ra1 Rxb2 32.Rxa5 h6 33.h3 Bc4 34.Rc5 Bd3 35.Rd5 Bc4
36.Rd4 Be6 37.Ne4 Rc2 38.Ng3 Rc1+ 39.Kh2 Rc2 40.Rd6 Kf7 41.Ne4 Rc1 42.Rb6 Rc2
43.Kg3 Ke7 44.Rb7+ Bd7 45.Nf2 Ke8 46.Ra7 Rc6 47.Ng4 Bxg4 48.Kxg4 Kf8 49.Kh5 Kg8
50.h4 gxh4 51.Kxh4 Rf6 52.Kg4 Rg6+ 53.Kh3 Rf6 54.Kh4 Kf8 55.Kh5 Kg8 56.Rb7 Kh8
57.g4 Rxf3 58.Kg6 Rf8 59.Kxh6 Rf6+ 60.Kh5 Kg8 61.g5 Ra6 62.g6 Ra1 63.Rh7 Rh1+
64.Kg4 Rxh7 65.gxh7+ Kxh7  1/2-1/2

[Event "EU-ch U20 Girls"]
[Site "Patras"]
[Date "1999.10.13"]
[Round "8"]
[White "Reizniece, Dana"]
[Black "Pokorna, Regina"]
[Result "0-1"]
[WhiteElo "2294"]
[BlackElo "2198"]

1.c4 Nf6 2.Nc3 c5 3.Nf3 b6 4.g3 Bb7 5.Bg2 g6 6.O-O Bg7 7.d4 cxd4 8.Qxd4 d6
9.e4 Nbd7 10.Re1 O-O 11.Qd3 Rc8 12.Rb1 a6 13.Nd2 Ng4 14.Qe2 Nge5 15.Nd5 Nc5
16.Nf3 e6 17.Nc3 Ncd3 18.Rd1 Nxc1 19.Rbxc1 Nxc4 20.Nd4 b5 21.Rd3 Qb6 22.Rcd1 Rfd8
23.Kh1 Qc5 24.Nb3 Qc7 25.Rc1 Qe7 26.Nd4 Nb6 27.a3 Na4 28.Qd2 Nc5 29.Re3 Bxd4  0-1

[Event "Wichern op 5th"]
[Site "Hamburg"]
[Date "1999.10.17"]
[Round "4"]
[White "Kahlert, Thomas"]
[Black "Kolthoff, Siegmund"]
[Result "1/2-1/2"]
[WhiteElo "2259"]
[BlackElo "2017"]

1.c4 c5 2.Nf3 Nf6 3.Nc3 b6 4.g3 Bb7 5.Bg2 e6 6.O-O d6 7.d4 cxd4 8.Qxd4 a6
9.Bg5 Nbd7 10.Nd2 Bxg2 11.Kxg2 Qc7 12.Nde4 Qc6 13.Kg1 Nxe4 14.Nxe4 Nc5 15.Nc3 f6
16.Be3 Be7 17.Rfd1 O-O 18.b4 Nd7 19.Qe4 Ne5 20.Qxc6 Nxc6 21.a3 Ne5 22.Bxb6 Nxc4
23.Bd4 Rfc8  1/2-1/2

[Event "VAM Hoogeveen op"]
[Site "Hoogeveen"]
[Date "1999.10.18"]
[Round "4"]
[White "Reinderman, Dimitri"]
[Black "Werle, Jan"]
[Result "1/2-1/2"]
[WhiteElo "2525"]
[BlackElo "2216"]

1.c4 Nf6 2.Nc3 c5 3.Nf3 b6 4.e4 d6 5.d4 cxd4 6.Nxd4 Bb7 7.Qe2 Nbd7 8.g4 h6
9.Bg2 g6 10.O-O Bg7 11.Rd1 Qc8 12.f4 O-O 13.e5 dxe5 14.fxe5 Nh7 15.e6 Ndf6
16.Nd5 Nxd5 17.cxd5 Nf6 18.Nc6 Nxd5 19.exf7+ Kh7 20.Bxd5 Bxc6 21.Be6 Bf3
22.Qxf3 Qxe6 23.Rf1 Rad8 24.a4 Bd4+ 25.Kg2 Qd5 26.Ra3 e5 27.Qxd5 Rxd5 28.Rh3 Rd7
29.Rf6 Kg7 30.Rc6 Rfxf7 31.Bxh6+ Kh7 32.Bg5+ Kg7 33.Rh6 Rf2+ 34.Kg3 e4 35.Rhxg6+ Kf7
36.Rge6 Rf3+ 37.Kg2 Rf2+ 38.Kh3 Rf3+  1/2-1/2

[Event "VAM Hoogeveen op"]
[Site "Hoogeveen"]
[Date "1999.10.19"]
[Round "5"]
[White "Cifuentes Parada, Roberto"]
[Black "Van der Erf, Remco"]
[Result "1-0"]
[WhiteElo "2506"]
[BlackElo "2206"]

1.Nf3 Nf6 2.c4 c5 3.Nc3 b6 4.g3 Bb7 5.Bg2 e6 6.O-O Be7 7.d4 cxd4 8.Qxd4 d6
9.Rd1 a6 10.b3 Nbd7 11.Ng5 Bxg2 12.Kxg2 Qc7 13.Nge4 Nxe4 14.Nxe4 O-O 15.Ba3 Qc6
16.f3 Nc5 17.Bb2 f6 18.Nc3 Rfd8 19.Rac1 Qb7 20.Qe3 Kf7 21.b4 Nd7 22.Ne4 Nf8
23.a3 Rac8 24.h4 Rc6 25.h5 h6 26.Qb3 Nd7 27.a4 Qb8 28.g4 a5 29.b5 Nc5 30.Nxc5 Rxc5
31.Bd4 Rc7 32.Qe3 Rb7 33.Qe4 Bf8 34.Qg6+ Kg8 35.Bxf6 Re8 36.Bb2 Qd8 37.Rd3 Rf7
38.Re3 e5 39.Qe4 Be7 40.Rd3 Qc7 41.Ba3 Rf6 42.Rcd1 Rc8 43.Rc3 Kh8 44.Bc1 Rcf8
45.Be3 Bd8 46.Rcd3 Qe7 47.Rh1 Re6 48.Rd2 Qf7 49.Bf2 Bg5 50.Rd3 Rf6 51.Qd5 Qc7
52.e4 Rc8 53.Rc3 Kh7 54.Rd1 g6 55.hxg6+ Kxg6 56.Rh1 Kg7 57.Qd3 Rcf8 58.Qe2 Kg8
59.Qd1 Kh7 60.Qd5 Rc8 61.Bh4 Bxh4 62.Rxh4 Rg6 63.Rh5 Rf8 64.Rf5 Rgf6 65.Rc1 Qg7
66.Rh1 Rg8 67.Rhh5 Kh8 68.Kf1 Rxf5 69.Rxf5 Qe7 70.Ke2 Rc8 71.Rf7 Qh4 72.Qxd6 Qh2+
73.Kd3  1-0

[Event "Wichern op 5th"]
[Site "Hamburg"]
[Date "1999.10.21"]
[Round "8"]
[White "Ftacnik, Lubomir"]
[Black "Lindberg, Bengt"]
[Result "1-0"]
[WhiteElo "2589"]
[BlackElo "2299"]

1.c4 Nf6 2.Nf3 c5 3.Nc3 e6 4.g3 b6 5.Bg2 Bb7 6.O-O Be7 7.d4 cxd4 8.Qxd4 d6
9.Rd1 a6 10.Bg5 Nbd7 11.Qd2 O-O 12.Bf4 Ne8 13.Rac1 Qc7 14.b3 Rd8 15.Qc2 Nef6
16.a4 Nc5 17.Ne1 Bxg2 18.Nxg2 Ncd7 19.f3 Ne5 20.Qb2 h6 21.Be3 Qb7 22.h3 Rc8
23.Qb1 Rfd8 24.Nf4 Nc6 25.h4 Ne5 26.Bf2 g5 27.Ng2 Ng6 28.Be3 gxh4 29.gxh4 Kg7
30.Kf2 Nh5 31.Rg1 f5 32.Qb2 Kf7 33.Bxh6 Nxh4 34.Rh1 Nxg2 35.Rxh5 Rg8 36.Rch1 b5
37.axb5 Qb6+ 38.Kf1 axb5 39.R5h2 bxc4 40.Rxg2 Rxg2 41.Kxg2 cxb3 42.Na4 Qa6
43.Qg7+ Ke8 44.Nc3 Rxc3 45.Qxc3 Qxe2+ 46.Kh3 b2 47.Re1 Qf2 48.Qc8+  1-0

[Event "Extraliga CZE"]
[Site "Ostrava CZE"]
[Date "1999.11.01"]
[Round "2"]
[White "Pacovsky,J"]
[Black "Simacek,P"]
[Result "1-0"]
[WhiteElo "2350"]
[BlackElo "2346"]

1.c4 Nf6 2.Nc3 b6 3.Nf3 c5 4.g3 Bb7 5.Bg2 e6 6.O-O Be7 7.b3 d6 8.Bb2 Nbd7
9.d4 cxd4 10.Nxd4 Bxg2 11.Kxg2 Qc7 12.e3 a6 13.f4 O-O 14.Qf3 Rac8 15.Rad1 Rfd8
16.g4 Nc5 17.g5 Nfd7 18.h4 Bf8 19.h5 Qb7 20.e4 e5 21.Nf5 exf4 22.Nd5 Ne5
23.Qxf4 Ncd3 24.Rxd3 Nxd3 25.Nfe7+ Kh8 26.Qxf7 Qxd5 27.exd5  1-0

[Event "28th It"]
[Site "Lazarevac YUG"]
[Date "1999.11.02"]
[Round "3"]
[White "Zontakh,A"]
[Black "Vuckovic,Bo"]
[Result "1-0"]
[WhiteElo "2535"]
[BlackElo "2433"]

1.Nf3 Nf6 2.c4 c5 3.Nc3 e6 4.e3 Nc6 5.d4 d5 6.a3 a6 7.dxc5 Bxc5 8.b4 Bd6
9.cxd5 exd5 10.Bb2 O-O 11.Be2 Re8 12.O-O Be6 13.Rc1 Rc8 14.Na4 Ne4 15.Nc5 Qe7
16.Nxe6 fxe6 17.Bd3 Ng5 18.Nxg5 Qxg5 19.f4 Qh6 20.Rf3 Qh5 21.Bxg7 e5 22.Bxe5 Nxe5
23.Rg3+ Ng4 24.Rxg4+  1-0

[Event "Chigorin mem"]
[Site "St Petersburg"]
[Date "1999.11.02"]
[Round "1"]
[White "Sambuev, Bator"]
[Black "Dvoirys, Semen I"]
[Result "1/2-1/2"]
[WhiteElo "2390"]
[BlackElo "2590"]

1.Nf3 c5 2.c4 Nf6 3.Nc3 e6 4.g3 b6 5.Bg2 Bb7 6.O-O Be7 7.Re1 O-O 8.e4 Qc8
9.d4 cxd4 10.Nxd4 d6 11.Be3 a6 12.Rc1 Nbd7 13.f4 Re8 14.g4 Nc5 15.Bf2 e5
16.Nf5 Bf8 17.g5 Nfxe4 18.Nxe4 Qxf5 19.Ng3 Qc8 20.Bxb7 Qxb7 21.f5 d5 22.b4 Ne4
23.Nxe4 dxe4 24.c5 bxc5 25.bxc5 Qc6 26.Qg4 Rad8 27.Qxe4 Rd5 28.Rc4 Rc8 29.Rec1 Rd2
30.Qxc6 Rxc6 31.R1c2 Rxc2 32.Rxc2 f6 33.h4 Kf7 34.Kg2 Ke8 35.Kf3 Kd7 36.Ke4 Be7
37.Be3 g6 38.fxg6 hxg6 39.h5 gxh5 40.g6 f5+ 41.Kxf5 Rf6+ 42.Kxe5 Re6+ 43.Kd5 Rxe3
44.Rg2 Bf6 45.g7 Re5+ 46.Kc4 Bxg7 47.Rxg7+ Kc6 48.Rg6+ Kb7 49.Rh6 Rg5 50.a4 Rg1
51.Rxh5 Rc1+ 52.Kb4 Kc6 53.Rh6+ Kb7 54.Rh7+ Kc6 55.Ka5 Rxc5+ 56.Kxa6 Rg5
57.Rh1 Kc7 58.Rb1 Rh5 59.Rb5 Rh1 60.a5 Ra1 61.Ka7 Ra2 62.a6 Ra1 63.Rc5+ Kd7
64.Rc2 Rb1 65.Ka8 Rb3 66.Rh2 Rb1 67.Rh7+ Kc8 68.Rb7 Ra1 69.a7 Ra2 70.Rb1 Rc2
71.Rh1  1/2-1/2

[Event "Wch U14"]
[Site "Oropesa del Mar"]
[Date "1999.11.05"]
[Round "11"]
[White "Evdokimov, Alexander A"]
[Black "Nikolov, Mumhil"]
[Result "0-1"]
[WhiteElo "2291"]
[BlackElo "2150"]

1.c4 Nf6 2.Nc3 c5 3.Nf3 d5 4.cxd5 Nxd5 5.g3 Nc6 6.Bg2 Nc7 7.d3 e5 8.O-O Be7
9.Nd2 O-O 10.Nc4 f6 11.Bxc6 bxc6 12.Qa4 Bh3 13.Re1 Qd7 14.Be3 Nb5 15.f3 Nd4
16.Ne4 Rab8 17.Rac1 Rb4 18.Qa5 Rb5 19.Qd2 Be6 20.b3 Qc7 21.Qd1 Bd5 22.Ned2 f5
23.Bf2 Bf7 24.e3 Ne6 25.e4 f4 26.g4 Rd8 27.Nb1 Nd4 28.Nb2 Qa5 29.Nc3 Rxb3
30.axb3 Bxb3 31.Ra1 Qxc3 32.Qb1 Nxf3+ 33.Kg2 Nxe1+ 34.Bxe1 Qc2+ 35.Qxc2 Bxc2
36.Rxa7 Bf8 37.Ba5 Rb8 38.Bc3 c4 39.Bxe5 Re8 40.Bxf4 cxd3 41.Rd7 Rxe4 42.Kf3 Rb4
43.Nxd3 Rb3 44.Ke2 Bxd3+ 45.Rxd3 Rxd3 46.Kxd3 Kf7 47.Ke4 Ke6 48.h3 Bd6 49.Be3 Be5
50.Bc5 Bf6 51.Bb4 g6 52.Bc5 Bh4 53.Bd4 Be1 54.Bc5 Ba5 55.Kd4 Kd7 56.Ke5 Bc3+
57.Kf4 Bf6 58.Ke4 Be7 59.Bb6 Kd6 60.Bd4 c5 61.Bc3 Bh4 62.Be5+ Kc6 63.Bc3 Bg3
64.Bd2 Bd6 65.Bc3 c4 66.h4 Bg3 67.h5 Kc5 68.Kf3 Bd6 69.Ke4 Bf8 70.Kf4 Bh6+
71.Ke4 Kd6 72.Bb4+ Ke6 73.Kd4 Kf6 74.Kxc4 Bf4 75.Kd3 Kg5 76.hxg6 hxg6 77.Ke2 Kxg4  0-1

[Event "Budapest FS11 IM"]
[Site "Budapest"]
[Date "1999.11.06"]
[Round "1"]
[White "Spielmann, Alain"]
[Black "Keatinge Clay, Adrian"]
[Result "0-1"]
[WhiteElo "2241"]
[BlackElo "2278"]

1.Nf3 c5 2.c4 Nf6 3.Nc3 e6 4.e3 d5 5.d4 Nc6 6.a3 cxd4 7.exd4 Be7 8.Bd3 O-O
9.O-O b6 10.cxd5 Nxd5 11.Re1 Bb7 12.Bc2 Nxc3 13.bxc3 Qd5 14.Qd3 Qh5 15.Rb1 Rad8
16.Rb5 Rd5 17.Rxd5 exd5 18.Ne5 Bd6 19.f4 Ne7 20.Re3 Bc8 21.Qf1 Bf5 22.Bd1 Qh4
23.g3 Qh6 24.g4 Be4 25.Rh3 Qe6 26.f5 Nxf5 27.gxf5 Bxf5 28.Re3 Be4 29.Nf3 Bf4
30.Ng5 Bxe3+ 31.Bxe3 Qg6 32.Kf2 f5 33.Nxe4 fxe4+  0-1

[Event "Chigorin mem"]
[Site "St Petersburg"]
[Date "1999.11.06"]
[Round "5"]
[White "Malakhatko, Vadim"]
[Black "Vakin, Sergei"]
[Result "1-0"]
[WhiteElo "2537"]
[BlackElo "2389"]

1.Nf3 c5 2.c4 Nf6 3.Nc3 e6 4.g3 b6 5.Bg2 Bb7 6.O-O Be7 7.Re1 O-O 8.e4 d6
9.d4 cxd4 10.Nxd4 Qc8 11.Be3 Nbd7 12.Qe2 a6 13.f4 Rb8 14.Bf2 Ne8 15.Rac1 Bf6
16.Red1 g6 17.Nd5 exd5 18.cxd5 Bxd4 19.Rxc8 Bxf2+ 20.Qxf2 Bxc8 21.Qd4 f6
22.Rc1 Rf7 23.b4 Re7 24.Kf2 Bb7 25.Bh3 Rc8 26.Rxc8 Bxc8 27.Be6+ Kg7 28.g4 Bb7
29.g5 Nf8 30.Bg4 Kf7 31.h4 b5 32.Bf3 Nd7 33.Qa7 Nf8 34.Qb6 fxg5 35.hxg5 Bc8
36.e5 Bf5 37.e6+ Kg7 38.Qd8  1-0

[Event "Chigorin mem"]
[Site "St Petersburg"]
[Date "1999.11.07"]
[Round "6"]
[White "Shchekachev, Andrei"]
[Black "Dvoirys, Semen I"]
[Result "1/2-1/2"]
[WhiteElo "2505"]
[BlackElo "2590"]

1.Nf3 Nf6 2.c4 c5 3.Nc3 e6 4.e4 Nc6 5.Be2 d5 6.e5 Ne4 7.O-O Be7 8.Qa4 Bd7
9.Qd1 Nxc3 10.dxc3 dxc4 11.Bxc4 Qc7 12.Qe2 h6 13.Re1 Na5 14.Bd3 Bc6 15.Rb1 Bd5
16.Ra1 Rd8  1/2-1/2

[Event "Chigorin mem"]
[Site "St Petersburg"]
[Date "1999.11.07"]
[Round "6"]
[White "Donchenko, Anatoly G"]
[Black "Abbasov, Farid"]
[Result "1/2-1/2"]
[WhiteElo "2413"]
[BlackElo "2290"]

1.Nf3 Nf6 2.c4 c5 3.Nc3 e6 4.g3 b6 5.Bg2 Bb7 6.d4 cxd4 7.Qxd4 d6 8.b3 Nbd7
9.Ba3 Nc5 10.Rd1 a6 11.O-O Be7 12.e4 O-O 13.e5 dxe5 14.Qxe5 Qc8 15.Na4 Ncd7
16.Qb2 Bxa3 17.Qxa3 b5 18.Nb2 Ra7 19.Rfe1 Qa8 20.Nh4 Rc8 21.Qb4 g5 22.Bxb7 Rxb7
23.Ng2 bxc4 24.Qd2 cxb3 25.Qxg5+ Kh8 26.axb3 Rxb3 27.Nd3 Qf3 28.Ne5 Nxe5
29.Qxe5 Rb5 30.Qd6 Rf5 31.Rf1 Qc6 32.Qa3 Ne4 33.Qe3 Qc2 34.Rc1 Nxf2 35.Nf4 Rxf4
36.Rxc2 Nh3+ 37.Kh1 Rxf1+ 38.Kg2 Rxc2+ 39.Kxf1 Rxh2 40.g4 Kg8 41.Ke1 a5 42.Qb6 Rh1+
43.Kd2 h6 44.Qd8+ Kg7 45.Qd4+ Kg8 46.Qd8+ Kg7 47.Qd4+  1/2-1/2

[Event "Chigorin mem"]
[Site "St Petersburg"]
[Date "1999.11.09"]
[Round "8"]
[White "Gubajdullin, Alexe"]
[Black "Vaulin, Alexander"]
[Result "0-1"]
[WhiteElo "2327"]
[BlackElo "2492"]

1.Nf3 c5 2.c4 Nf6 3.Nc3 d5 4.cxd5 Nxd5 5.Qa4+ Nc6 6.Qe4 Nf6 7.Qc2 e5 8.e3 Bd6
9.a3 O-O 10.b3 Re8 11.d3 Bg4 12.Be2 Rc8 13.Ne4 Bb8 14.Bb2 b6 15.Rc1 Nd5 16.Ned2 Nd4
17.exd4 exd4 18.Kf1 Nf4 19.Bd1 Qd7 20.h3 Bf5 21.Ne4 Qb5 22.Kg1 Nxd3 23.a4 Qa6
24.Ng3 Bg6 25.Ra1 Qa5 26.Bc1 b5 27.Bd2 Qb6 28.Qa2 c4 29.axb5 c3 30.Nf1 cxd2
31.N1xd2 Nxf2 32.Nc4 Rxc4 33.bxc4 Nxh1 34.Kxh1 d3 35.Qd2 Qc5 36.Rc1 Bc7 37.Ba4 Re2
38.Re1 Qxc4 39.Bd1 Rxe1+ 40.Qxe1 Qxb5 41.Qe7 Qb8 42.Nh4 Qd8 43.Nxg6 hxg6
44.Qe4 Qd6 45.Kg1 Bb6+ 46.Kf1 Qf6+ 47.Bf3 Qa1+ 48.Qe1 Qd4 49.Qe8+ Kh7 50.Ke1 Qf2+
51.Kd1 Be3  0-1

[Event "Chigorin mem"]
[Site "St Petersburg"]
[Date "1999.11.09"]
[Round "8"]
[White "Makarov, Marat"]
[Black "Dvoirys, Semen I"]
[Result "1/2-1/2"]
[WhiteElo "2527"]
[BlackElo "2590"]

1.Nf3 Nf6 2.c4 c5 3.Nc3 e6 4.g3 b6 5.Bg2 Bb7 6.O-O Be7 7.d4 cxd4 8.Qxd4 O-O
9.Rd1 Na6 10.Bf4 Rc8 11.Rac1 Bc5 12.Qd3 d5 13.cxd5 Nb4 14.Qb1 Nbxd5 15.Nxd5 Bxd5
16.b4 Be7 17.Ng5 Rxc1 18.Bxc1 Bxa2 19.Qc2 Bb1 20.Qb3 Ba2 21.Qc2  1/2-1/2

[Event "ch-ESP (team) Div 2"]
[Site "Cala Galdana ESP"]
[Date "1999.11.10"]
[Round "3"]
[White "Tebar Moreno,J"]
[Black "Cano Sanchez,J"]
[Result "0-1"]
[WhiteElo "2204"]
[BlackElo "2277"]

1.Nf3 Nf6 2.c4 c5 3.Nc3 e6 4.b3 b6 5.g3 Bb7 6.Bg2 Be7 7.O-O O-O 8.Qc2 d6
9.Bb2 Nbd7 10.Rad1 a6 11.d4 cxd4 12.Rxd4 Qc7 13.Rd2 Rfc8 14.Rc1 Nc5 15.Ne1 Bxg2
16.Nxg2 Qb7 17.Qd1 b5 18.Ne3 b4 19.Nb1 Nfe4 20.Rdc2 Bg5 21.Nd2 Bxe3 22.fxe3 a5
23.Nxe4 Nxe4 24.Ra1 a4 25.bxa4 Rxa4 26.a3 b3 27.Rcc1 Raxc4 28.Rxc4 Rxc4 29.Rc1 Qc6
30.Rxc4 Qxc4 31.Kf1 Qb5 32.Kg2 Qc6 33.Kg1 Ng5 34.h4 Nh3+ 35.Kh2 Nf2 36.Qe1 Ng4+
37.Kh3 Nxe3 38.Qg1 Qe4 39.Bc1 Qg4+ 40.Kh2 Qxe2+ 41.Kh3 Nc4 42.Qa7 h6  0-1